Central Library OPAC University of Rajshahi

Social life at Rome in the age of Cicero / (Record no. 24415)

MARC details
000 -LEADER
fixed length control field 00744nam a2200229 a 4500
001 - CONTROL NUMBER
control field 24415
003 - CONTROL NUMBER IDENTIFIER
rucl marc code BD-RjUL
005 - DATE AND TIME OF LATEST TRANSACTION
control field 20211209001040.0
008 - FIXED-LENGTH DATA ELEMENTS--GENERAL INFORMATION
fixed length control field 140313r19641908enkb b 001 0 eng d
035 ## - SYSTEM CONTROL NUMBER
System control number (BD-RjUL)24481
040 ## - CATALOGING SOURCE
Original cataloging agency OCoLC
Language of cataloging eng
Transcribing agency ANL
Modifying agency ANL
-- BD-RjUL
041 ## - LANGUAGE CODE
Language code of text/sound track or separate title eng
082 04 - DEWEY DECIMAL CLASSIFICATION NUMBER
Classification number 913.37
Author mark and year FOS 1964
100 1# - MAIN ENTRY--PERSONAL NAME
Personal name Fowler, W. Warde
Fuller form of name (William Warde),
Dates associated with a name 1847-1921.
9 (RLIN) 75168
245 10 - TITLE STATEMENT
Title Social life at Rome in the age of Cicero /
Statement of responsibility, etc. by William Warde Fowler.
260 ## - PUBLICATION, DISTRIBUTION, ETC. (IMPRINT)
Place of publication, distribution, etc. London :
Name of publisher, distributor, etc. Macmillan,
Date of publication, distribution, etc. 1908 [reprinted 1964].
300 ## - PHYSICAL DESCRIPTION
Pagination xvii, 362 p. :
Illustrations map.
Size 19 cm.
504 ## - BIBLIOGRAPHY, ETC. NOTE
Bibliography, etc Includes bibliographical references and index.
651 #0 - SUBJECT ADDED ENTRY--GEOGRAPHIC NAME
Geographic name Rome
General subdivision Social life and customs.
9 (RLIN) 74550
Geographic name Rome
General subdivision History
9 (RLIN) 75169
942 ## - ADDED ENTRY ELEMENTS (KOHA)
Source of classification or shelving scheme Dewey Decimal Classification
Koha item type Books
Holdings
Lost status Source of classification or shelving scheme Damaged status Not for loan Collection code Permanent Location Current Location Shelving location Date acquired Source of acquisition Cost, normal purchase price Total Checkouts Full call number Date last seen Copy number Koha item type
  Dewey Decimal Classification   Added to bundle Non-fiction Central Library, University of Rajshahi Central Library, University of Rajshahi Reading Room 30/09/1965 Zeitlinger. 15.00   913.37 FOS 1964 13/03/2014 C-1 Books